• 首页
  • 本馆介绍
  • 公告通知
  • 最新文献
  • 馆藏检索
  • 电子资源
  • 读者导购
  • 参考咨询
  • 我的图书馆
  • 登录
  • 详细信息显示
  • 放入我的书架
  • 预约/预借图书
  • 作者相关作品
  • 分类相关作品
  • 丛书相关作品
  • 出版社相关作品

书目信息

  • 表格格式
  • 工作单格式
  • 卡片格式
题名:
阻燃塑料手册
    
 
作者: 欧育湘 主编
分册:  
出版信息: 北京   国防工业出版社  2008
页数: 14,834页
开本: 27cm
丛书名:
单 册:
中图分类: TB35-62
科图分类:
主题词: 塑料--防火材料--手册 , 塑料 , 防火材料
电子资源:
ISBN: 978-7-118-05080-6
000 00877nam0 2200265 450
001 010800004354
005 20140609084846.34
010    @a978-7-118-05080-6@b精装@dCNY158.00
100    @a20071112d2008 em y0chiy0110 ea
101 0  @achi
102    @aCN@b110000
105    @acfk z 000yy
106    @ar
200 1  @a阻燃塑料手册@9zu ran su liao shou ce@f欧育湘主编
210    @a北京@c国防工业出版社@d2008
215    @a14,834页@c肖像,图版(8页)@d27cm
330    @a本手册主要包括阻燃剂、阻燃塑料的配方和性能、塑料阻燃性能测试方法、聚全物/无机物纳米复合材料的阻燃性及阻燃元素的定性鉴定和定量测定等。
510 1  @aHandbook of flame retardant plastics@zeng
606 0  @a塑料@x防火材料@j手册
606 0  @a塑料
606 0  @a防火材料
690    @aTB35-62@v4
701  0 @a欧育湘@9ou yu xiang@4主编
801  0 @aCN@bRENTIAN@c20071112
905    @b548054-55@dTB35-62@e238@f2
    
    阻燃塑料手册/欧育湘主编.-北京:国防工业出版社,2008
    14,834页:肖像,图版(8页);27cm
    
    
    ISBN 978-7-118-05080-6(精装):CNY158.00
    本手册主要包括阻燃剂、阻燃塑料的配方和性能、塑料阻燃性能测试方法、聚全物/无机物纳米复合材料的阻燃性及阻燃元素的定性鉴定和定量测定等。
●
相关链接 在E读中查询图书 在五车中查询图书 在当当中查询图书 在豆瓣中查询图书


正题名:阻燃塑料手册     索取号:TB35-62/238         预约/预借

序号 登录号 条形码 馆藏地/架位号 状态 备注
1 548054   205480549   第二样本阅览室/ [索取号:TB35-62/238] 在馆    
2 548055   205480558   第三借阅区/ [索取号:TB35-62/238] 在馆    
唐山师范学院图书馆 欢迎您!
大连网信软件有限公司© 版权所有